Cuentos perreros / (Record no. 46089)

MARC details
000 -LEADER
campo de control de longitud fija 00511nam a2200169 i 4500
001 - NÚMERO DE CONTROL
campo de control 46089
003 - IDENTIFICADOR DE NÚMERO DE CONTROL
campo de control ES-MaACL
005 - FECHA Y HORA DE LA ÚLTIMA TRANSACCIÓN
campo de control 20230906161328.0
007 - CAMPO FIJO DE DESCRIPCIÓN FÍSICA--INFORMACIÓN GENERAL
campo de control de longitud fija t|
008 - DATOS DE LONGITUD FIJA--INFORMACIÓN GENERAL
campo de control de longitud fija 030327s1953 sp ||||1| spa d
100 1# - ENTRADA PRINCIPAL--NOMBRE DE PERSONA
Nombre de persona Concha, Carlos de la.
9 (RLIN) 40072
245 10 - MENCIÓN DEL TÍTULO
Título Cuentos perreros /
Mención de responsabilidad, etc. Carlos de la Concha ; ilustraciones Elías Díaz.
260 ## - PUBLICACIÓN, DISTRIBUCIÓN, ETC.
Lugar de publicación, distribución, etc. Gijón :
Nombre del editor, distribuidor, etc. [s.n.],
Fecha de publicación, distribución, etc. 19536 (
Fabricante Tip. La industria)
300 ## - DESCRIPCIÓN FÍSICA
Extensión 125 p. :
Otras características físicas il. ;
Dimensiones 23 cm.
700 1# - ENTRADA AGREGADA--NOMBRE PERSONAL
Nombre de persona Díaz, Elías.
9 (RLIN) 44117
852 ## - LOCALIZACIÓN
Ubicación ES-MaACL
Número de control de estantería C-7795
Sublocalización o colección R.35095
Holdings
Estatus retirado Estado de pérdida Estado de daño No para préstamo Biblioteca de origen Biblioteca actual Ubicación en estantería Fecha de adquisición Fuente de adquisición Total de préstamos Signatura topográfica completa Código de barras Visto por última vez Precio de reemplazo Tipo de ítem Koha
        Biblioteca del Ateneo de Madrid Biblioteca del Ateneo de Madrid Sala Palomar 17/01/2008     C-7795 1048485 23/02/2023 23/02/2023 Libro impreso